000 00554nam a22002177a 4500
003 UA-OsUOA
001 56344
007 ta
008 20081016b un ||||| |||| 00| 0 ukr d
100 _aЖуравель Л.
090 _a32
_bЖ91
942 _cSA
040 _aUA-OsUOA
_bukr
_cUA-OsUOA
_dUA-OsUOA
245 _aУкраїнський геній Юліан Вассильян:повернення із забуття
300 _aС.7
955 _a0
041 _aukr
080 _a32
773 0 _w56343
650 7 _a32 Політика
_2UDC
999 _c342434
_d342434